000 00812nam a2200253Ia 4500
003 OSt
005 20220923224656.0
006 a|||||r|||| 00| 0
007 ta
008 220922b |||||||| |||| 00| 0 hin d
024 _a248,719
037 _cTextual
040 _aARTS
_cARTS
_bhin
041 _2hin
_ahin
082 _aO152,1N09x, N5
100 _aकलक्टर सिंह 'केसरी'
245 0 _aकेसरी ग्रंथावली
246 _aKesarī granthāvalī
260 _aदिल्ली
_b ज्ञान गंगा
_c1995
300 _a750पृ.
_ccm.
650 _aहिन्दी साहित्य
_9156264
942 _hO152,1N09x, N5
_cTEXL
_2CC
999 _c372883
_d372883